[Event "SVK-chT2D 1819"]
[Site "Slovakia"]
[Date "2018.10.13"]
[Round "1.4"]
[White "Zuscin, Martin"]
[Black "Kmit, Jozef"]
[Result "1/2-1/2"]
[WhiteElo "1998"]
[BlackElo "2064"]
[PlyCount "118"]
[EventDate "2018.10.13"]
[EventType "team-tourn"]
[EventRounds "11"]
[EventCountry "SVK"]
[SourceTitle "CBM 187 Extra"]
[Source "ChessBase"]
[SourceDate "2018.11.04"]
[SourceVersion "1"]
[SourceVersionDate "2018.11.04"]
[SourceQuality "1"]
[WhiteTeam "Bardejov BSK II"]
[BlackTeam "Stropkov/Svidnik"]
[WhiteTeamCountry "SVK"]
[BlackTeamCountry "SVK"]

1. e4 c5 2. Nf3 Nc6 3. d4 cxd4 4. Nxd4 Nf6 5. Nc3 g6 6. Be3 Bg7 7. Be2 0-0 8. Qd2 d5 9. exd5 Nxd5 10. Nxd5 Nxd4 11. Bc4 Nf5 12. 0-0-0 Be6 13. Qb4 Bxd5 14. Rxd5 Qc7 15. Rc5 Qd6 16. Rd1 Qxh2 17. Rxf5 gxf5 18. Qxe7 Rac8 19. Bd5 Qh5 20. Bf3 Qg6 21. Rd6 Rce8 22. Rxg6 Rxe7 23. Rg5 Rd8 24. c3 b6 25. Bd4 f6 26. Bxf6 Re1+ 27. Kc2 Rd7 28. Bxg7 Rxg7 29. Rxf5 Rge7 30. c4 Kg7 31. Rd5 Rf1 32. Rd2 Rc7 33. Kb3 Rc1 34. Bd5 Kf6 35. Re2 Re7 36. Rxe7 Kxe7 37. g4 Kd6 38. Be4 h6 39. Kb4 Re1 40. f3 Re2 41. Kc3 Ke5 42. a3 a5 43. b4 Re3+ 44. Kb2 axb4 45. axb4 Kd4 46. c5 bxc5 47. bxc5 Kxc5 48. Kc2 Kd4 49. Kd2 Ra3 50. Ke2 Ra2+ 51. Kf1 Ke3 52. Bc6 Kf4 53. Bd5 Rd2 54. Bb7 Kg3 55. Bc6 Rf2+ 56. Ke1 Rc2 57. Be4 Rf2 58. Bc6 Kg2 59. Bd5 Kg3 1/2-1/2

[Event "SVK-chT1E 1516"]
[Site "Slovakia"]
[Date "2015.10.25"]
[Round "2.8"]
[White "Zuscin, Martin"]
[Black "Recky, Norbert"]
[Result "1/2-1/2"]
[WhiteElo "1949"]
[BlackElo "1849"]
[PlyCount "85"]
[EventDate "2015.10.24"]
[EventType "team-tourn"]
[EventRounds "11"]
[EventCountry "SVK"]
[SourceTitle "CBM 169 Extra"]
[Source "ChessBase"]
[SourceDate "2015.12.18"]
[SourceVersion "1"]
[SourceVersionDate "2015.12.18"]
[SourceQuality "1"]
[WhiteTeam "Bardejov"]
[BlackTeam "Spisska Nova Ves"]
[WhiteTeamCountry "SVK"]
[BlackTeamCountry "SVK"]

1. e4 c5 2. Nf3 d6 3. d4 cxd4 4. Nxd4 Nf6 5. Nc3 a6 6. Bg5 e6 7. Be2 Nbd7 8. Qd2 Qc7 9. 0-0-0 b5 10. Bf3 Bb7 11. Bxf6 Nxf6 12. Qe3 Rc8 13. Rd2 Be7 14. Kb1 0-0 15. g4 b4 16. Na4 d5 17. e5 Nd7 18. Re2 Nc5 19. Nxc5 Bxc5 20. Qd2 a5 21. Nb3 Ba6 22. Ree1 Bb6 23. Be2 Bc4 24. f4 a4 25. Na1 a3 26. b3 Bxe2 27. Rxe2 Qc3 28. Qxc3 Rxc3 29. Rf1 Rfc8 30. f5 Re3 31. Rxe3 Bxe3 32. c3 Rxc3 33. Nc2 Bc5 34. Rc1 d4 35. Ne1 Kf8 36. Rxc3 dxc3 37. Nd3 Be7 38. fxe6 fxe6 39. Kc2 g5 40. h3 Ke8 41. Ne1 Kd7 42. Kd3 Kc6 43. Kc4 1/2-1/2

[Event "SVK-ch U14"]
[Site "Lubovna"]
[Date "2013.04.08"]
[Round "3"]
[White "Zuscin, Martin"]
[Black "Jablonicky, Martin"]
[Result "1/2-1/2"]
[WhiteElo "1839"]
[BlackElo "1935"]
[PlyCount "117"]
[EventDate "2013.04.06"]
[EventType "swiss"]
[EventRounds "9"]
[EventCountry "SVK"]
[SourceTitle "CBM 153 Extra"]
[Source "ChessBase"]
[SourceDate "2013.04.22"]
[SourceVersion "1"]
[SourceVersionDate "2013.04.22"]
[SourceQuality "1"]

1. e4 c5 2. Nf3 e6 3. d4 cxd4 4. Nxd4 a6 5. Nc3 Qc7 6. g3 b5 7. Bg2 Bb7 8. 0-0 Nf6 9. Qd3 d6 10. a3 Nbd7 11. Nb3 Be7 12. f4 0-0 13. Bf3 Rfd8 14. Be3 Nc5 15. Nxc5 dxc5 16. Qe2 Rac8 17. e5 Nd5 18. Nxd5 exd5 19. Rfd1 d4 20. Bf2 Bxf3 21. Qxf3 a5 22. Rd2 Qb6 23. Rad1 a4 24. c3 dxc3 25. Qxc3 Rxd2 26. Rxd2 Qb7 27. Qd3 b4 28. Rc2 Rd8 29. Qe2 bxa3 30. bxa3 Qb1+ 31. Kg2 Qb3 32. Bxc5 Qd5+ 33. Qf3 Bxc5 34. Qxd5 Rxd5 35. Rc4 Bxa3 36. Rxa4 Bf8 37. Ra8 g6 38. Kf3 Kg7 39. Ra7 Rd3+ 40. Ke4 Rd2 41. h4 Re2+ 42. Kf3 Re3+ 43. Kxe3 Bc5+ 44. Ke4 Bxa7 45. g4 Bf2 46. h5 gxh5 47. gxh5 Kh6 48. f5 Kxh5 49. e6 fxe6 50. fxe6 Bc5 51. Kf3 Kg6 52. Kg4 Be7 53. Kf4 Kh5 54. Kg3 Kg5 55. Kh3 Kf4 56. Kg2 Kg4 57. Kh2 Kf3 58. Kg1 Kg3 59. Kh1 1/2-1/2

[Event "SVK-ch U10"]
[Site "Liptovsky Mikulas"]
[Date "2007.04.26"]
[Round "7"]
[White "Zuscin, Martin"]
[Black "Adamciak, Tomas"]
[Result "1-0"]
[WhiteElo "1350"]
[BlackElo "1350"]
[PlyCount "65"]
[EventDate "2007.04.22"]
[EventType "swiss"]
[EventRounds "9"]
[EventCountry "SVK"]
[SourceTitle "EXT 2008"]
[Source "ChessBase"]
[SourceDate "2007.11.25"]
[SourceVersion "1"]
[SourceVersionDate "2007.11.25"]
[SourceQuality "1"]

1. e4 e5 2. Nf3 Nc6 3. Bb5 d6 4. Bxc6+ bxc6 5. Nc3 Nf6 6. d3 Ba6 7. Bg5 h6 8. Bxf6 Qxf6 9. 0-0 Be7 10. Re1 0-0 11. h3 Rab8 12. Rb1 Qe6 13. Nh2 Bg5 14. Qg4 Bd2 15. Qxe6 fxe6 16. Red1 Bg5 17. Nf3 Be7 18. d4 exd4 19. Nxd4 c5 20. Nxe6 Rfc8 21. Nd5 Kf7 22. Nxe7 Kxe7 23. Nxg7 Bb7 24. Nf5+ Kd7 25. e5 Be4 26. Ne3 Rg8 27. exd6 Rxg2+ 28. Nxg2 Bxc2 29. dxc7+ Kxc7 30. Rdc1 Bxb1 31. Rxb1 Rg8 32. Rc1 Kc6 33. b4 1-0